Creatures of the deep / (Record no. 1390)

MARC details
000 -LEADER
fixed length control field 01402cam a2200337 i 4500
005 - DATE AND TIME OF LATEST TRANSACTION
control field 20250530144431.0
020 ## - INTERNATIONAL STANDARD BOOK NUMBER
International Standard Book Number 9781467763608 (lb : alk. paper)
020 ## - INTERNATIONAL STANDARD BOOK NUMBER
International Standard Book Number 9781467776431 (pb : alk. paper)
020 ## - INTERNATIONAL STANDARD BOOK NUMBER
International Standard Book Number 9780545940160
020 ## - INTERNATIONAL STANDARD BOOK NUMBER
Canceled/invalid ISBN 9781467772273 (eb pdf)
040 ## - CATALOGING SOURCE
Original cataloging agency DLC
Language of cataloging eng
Transcribing agency DLC
Description conventions rda
Modifying agency DLC
050 00 - LIBRARY OF CONGRESS CALL NUMBER
Classification number QL122.2
Item number .R35 2015
082 00 - DEWEY DECIMAL CLASSIFICATION NUMBER
Classification number 591.77
Edition number 23
100 1# - MAIN ENTRY--PERSONAL NAME
Personal name Rake, Matthew.
245 10 - TITLE STATEMENT
Title Creatures of the deep /
Statement of responsibility, etc. by Matthew Rake ; illustrated by Simon Mendez.
260 ## - PUBLICATION, DISTRIBUTION, ETC.
Place of publication, distribution, etc. Minneapolis :
Name of publisher, distributor, etc. Scholastic,
Date of publication, distribution, etc. 2016
300 ## - PHYSICAL DESCRIPTION
Extent 32 pages :
Other physical details color illustrations ;
Dimensions 24 cm.
490 0# - SERIES STATEMENT
Series statement Real-life monsters
500 ## - GENERAL NOTE
General note Includes index.
505 ## - FORMATTED CONTENTS NOTE
Formatted contents note U
520 ## - SUMMARY, ETC.
Summary, etc. Look closely at the ten most amazing insects and spiders that buzz, dart, and hang out all over the world. Beware of those bites and stings as you encounter: ● a hornet that will chase humans ● a louse that lives on a fish's tongue ● a centipede that will fight snakes Come face to face with these extreme animals and learn their secrets!
521 ## - TARGET AUDIENCE NOTE
Target audience note 950 <br/>
Source Lexile IG
521 ## - TARGET AUDIENCE NOTE
Target audience note U <br/>
Source Raz-Plus
650 #0 - SUBJECT ADDED ENTRY--TOPICAL TERM
Topical term or geographic name entry element Marine animals
Form subdivision Juvenile literature.
650 #0 - SUBJECT ADDED ENTRY--TOPICAL TERM
Topical term or geographic name entry element Aquatic animals
Form subdivision Juvenile literature.
650 #0 - SUBJECT ADDED ENTRY--TOPICAL TERM
Topical term or geographic name entry element Dangerous marine animals
Form subdivision Juvenile literature.
700 1# - ADDED ENTRY--PERSONAL NAME
Personal name Mendez, Simon,
Relator term illustrator.
906 ## - LOCAL DATA ELEMENT F, LDF (RLIN)
a 7
b cbc
c orignew
d 1
e ecip
f 20
g y-gencatlg
942 ## - ADDED ENTRY ELEMENTS (KOHA)
Source of classification or shelving scheme Dewey Decimal Classification
Koha item type Books
Suppress in OPAC No
999 ## -
-- 1390
-- 1390
Holdings
Withdrawn status Lost status Source of classification or shelving scheme Damaged status Not for loan Collection Home library Current library Shelving location Date acquired Total Checkouts Full call number Barcode Date last seen Copy number Price effective from Koha item type
    Dewey Decimal Classification     Non-Fiction Footprints International School Library Network Toul Kork Campus Footprints International School Library Network Toul Kork Campus A TK Campus, 4th Floor, Room B401, Non-Fiction Bookcases(7-8) 08/23/2023   RAK 595 QL434.R35 FISTK05536 08/23/2023 1 08/23/2023 Books